[Event "AUTO-ADV-2985"]
[Site "http://www.queenalice.com/game.php?id=1265295"]
[Date "2014.3.15"]
[Round "2"]
[White "ebpap123"]
[Black "afonte"]
[Result "1/2-1/2"]
[WhiteElo "2018"]
[BlackElo "2186"]

1. e4 c5 2. Nf3 Nc6 3. d4 cxd4 4. Nxd4 Nf6 5. Nc3 d6 6. f3 g6 7. Be3 Bg7 8. Qd2
O-O 9. O-O-O a6 10. g4 Ne5 11. Be2 Nfd7 12. h4 Nb6 13. b3 a5 14. h5 a4 15. Kb1
axb3 16. cxb3 d5 17. hxg6 fxg6 18. Rdg1 dxe4 19. Nxe4 Nd5 20. Bh6 Nf4 21. Bxg7
Kxg7 22. Bd1 Ned3 23. Qc3 e5 24. Ne2 Qa5 25. Qxa5 Rxa5 26. Nxf4 Nxf4 27. Rh2 h6
28. Rgh1 Rh8 29. Nd6 Rc5 30. Bc2 b5 31. b4 Rc3 32. Nxc8 Rcxc8 33. Be4 h5 34.
gxh5 gxh5 35. Rc1 Rxc1+ 36. Kxc1 Kf6 37. Kc2 Rc8+ 38. Kb3 Kg5 39. a4 bxa4+ 40.
Kxa4 h4 41. b5 Rb8 42. Ka5 h3 43. b6 Kh4 44. Ka6 Kg3 45. Rh1 h2 46. Rxh2 Kxh2
47. Ka7 Rxb6 48. Kxb6 Ne6 49. Kc6 Nd4+ 50. Kd5 Nxf3 51. Bxf3 e4 52. Bxe4 Kg3
1/2-1/2

[Event "AUTO-INT-2725"]
[Site "http://www.queenalice.com/game.php?id=1267583"]
[Date "2014.3.23"]
[Round "2"]
[White "afonte"]
[Black "daniel0176"]
[Result "1-0"]
[WhiteElo "2208"]
[BlackElo "1691"]

1. e4 e6 2. d4 h6 3. Nd2 c5 4. c3 cxd4 5. cxd4 a6 6. Bd3 Nf6 7. Ne2 Ng4 8. Ng3
Nxf2 9. Kxf2 Be7 10. Rf1 O-O 11. Kg1 Nc6 12. Nf3 Re8 13. Kh1 d5 14. e5 b5 15. a3
b4 16. Be3 bxa3 17. bxa3 Bh4 18. Nxh4 Qxh4 19. Bc2 Na5 20. Qf3 Nc4 21. Qxf7+ Kh8
22. Qf8+ Rxf8 23. Rxf8# 1-0

[Event "AUTO-INT-2725"]
[Site "http://www.queenalice.com/game.php?id=1267584"]
[Date "2014.3.23"]
[Round "2"]
[White "daniel0176"]
[Black "afonte"]
[Result "0-1"]
[WhiteElo "1696"]
[BlackElo "2180"]

1. e4 c5 2. Nc3 Nc6 3. Nf3 d6 4. Bb5 Bd7 5. Bxc6 Bxc6 6. O-O Nf6 7. d4 cxd4 8.
Nxd4 Bxe4 9. Re1 Bc6 10. h3 g6 11. b4 a6 12. a4 Bg7 13. b5 axb5 14. Bd2 bxa4 15.
Nxc6 bxc6 16. Nxa4 Nd5 17. Ra3 O-O 18. c4 Nb6 19. Qb3 Nxa4 20. Bg5 Nc5 21. Bxe7
Nxb3 22. Bxd8 Rxa3 23. Bc7 Be5 24. g3 Ra1 25. Rxa1 Nxa1 26. c5 Rc8 27. cxd6 Rxc7
28. dxc7 Bxc7 29. Kg2 c5 30. f4 c4 31. g4 c3 32. f5 gxf5 33. gxf5 c2 34. Kf3
c1=Q 0-1

[Event "AUTO-INT-2725"]
[Site "http://www.queenalice.com/game.php?id=1267585"]
[Date "2014.3.23"]
[Round "2"]
[White "afonte"]
[Black "kykobr"]
[Result "1-0"]
[WhiteElo "2185"]
[BlackElo "1663"]

1. e4 c5 2. Nf3 e6 3. d4 cxd4 4. Nxd4 a6 5. Be3 Nc6 6. Be2 g6 7. Nxc6 bxc6 8.
Bd4 Nf6 9. c4 d5 10. exd5 cxd5 11. Bf3 Bg7 12. cxd5 exd5 13. O-O O-O 14. Nc3 Be6
15. Rc1 Rb8 16. b3 Bh6 17. Rc2 Bg7 18. Qd2 Rc8 19. Rfc1 Bf5 20. Rb2 Be4 21. Ne2
Bxf3 22. gxf3 Qd6 23. Rbc2 Qd7 24. Rxc8 Rxc8 25. Rxc8+ Qxc8 26. Bxf6 Bxf6 27.
Qxd5 Qc2 28. Qa8+ Kg7 29. Qxa6 Qf5 30. Kg2 Qg5+ 31. Kh1 Qh4 32. Qb6 Qh3 33. Ng3
Qh4 34. Qe3 Bd4 35. Qe4 Qxe4 36. Nxe4 f5 37. Nd6 Bxf2 38. b4 Kf6 39. Kg2 Bb6 40.
b5 Bc7 41. Ne8+ Ke7 42. Nxc7 Kd7 43. Na6 Kc8 44. a4 Kb7 45. Kg3 g5 46. f4 1-0

[Event "AUTO-INT-2725"]
[Site "http://www.queenalice.com/game.php?id=1267586"]
[Date "2014.3.23"]
[Round "2"]
[White "kykobr"]
[Black "afonte"]
[Result "0-1"]
[WhiteElo "1665"]
[BlackElo "2175"]

1. e4 e5 2. Nf3 Nc6 3. Bb5 a6 4. Bc4 Bc5 5. O-O d6 6. d3 Bg4 7. Nbd2 Nf6 8. h3
Bh5 9. a3 Nd4 10. c3 Nxf3+ 11. Nxf3 h6 12. d4 exd4 13. cxd4 Bxf3 14. Qxf3 Bxd4
15. Re1 Qd7 16. Bf4 O-O 17. e5 Bxe5 18. Bxe5 dxe5 19. Rxe5 c6 20. Rd1 Qc7 21.
Rde1 Rae8 22. R5e3 Rxe3 23. Rxe3 Re8 24. Rxe8+ Nxe8 25. b3 Nd6 26. Qf4 Qe7 27.
g3 Nxc4 28. Qb8+ Qf8 29. Qxf8+ Kxf8 30. bxc4 Ke7 31. Kf1 Kd6 32. Ke2 Kc5 33. Kd3
b5 34. cxb5 cxb5 35. Kc3 a5 36. f3 h5 37. f4 f5 38. Kd3 b4 39. axb4+ axb4 40.
Kc2 Kc4 41. Kb2 b3 42. Kb1 Kc3 43. Kc1 Kd3 44. Kb2 Ke3 0-1

[Event "Challenge"]
[Site "http://www.queenalice.com/game.php?id=1268815"]
[Date "2014.3.28"]
[Round "-"]
[White "leduar"]
[Black "afonte"]
[Result "1-0"]
[WhiteElo "2038"]
[BlackElo "2204"]

1. e4 c5 2. Nf3 Nc6 3. d4 cxd4 4. Nxd4 Nf6 5. Nc3 d6 6. Be3 g6 7. f3 Bg7 8. Qd2
O-O 9. O-O-O Ne5 10. g4 Nfd7 11. h4 Nb6 12. Bh6 Nbc4 13. Bxc4 Nxc4 14. Qd3 Bxh6+
15. g5 Ne5 16. Qe2 Bg7 17. h5 f5 18. f4 Ng4 19. exf5 gxf5 20. Ne6 Bxe6 21. Qxe6+
Kh8 22. Nd5 Re8 23. Rd2 Qc8 24. Qf7 Rf8 25. Qxe7 Qe8 26. Re1 Qxe7 27. Rxe7 Rfe8
28. Rde2 Rxe7 29. Rxe7 b6 30. Rd7 Bf8 31. Nc7 Rc8 32. Ne6 Ne3 33. c3 a5 34. Kd2
Nc4+ 35. Kc2 Kg8 36. Kb3 Nd2+ 37. Ka4 Re8 38. Nxf8 Kxf8 39. Rxh7 Re4+ 40. Kb5
Rxf4 41. h6 Rh4 42. Rb7 Kg8 43. Rxb6 Ne4 44. Kxa5 f4 45. Rb4 d5 46. c4 f3 47.
Rb8+ Kf7 48. Rb7+ Kg6 49. Rg7+ Kf5 50. Rf7+ Kg4 51. c5 Nxc5 52. h7 Ne6 53. g6
Kg3 54. b4 f2 55. b5 d4 56. b6 Rh5+ 57. Ka6 Nf4 58. g7 f1=Q+ 59. Kb7 Qf3+ 60.
Kb8 Qc6 61. g8=Q+ Ng6 62. Qd8 Re5 63. Rf6 Qe8 64. Rxg6+ Qxg6 65. h8=Q 1-0

[Event "Challenge"]
[Site "http://www.queenalice.com/game.php?id=1268817"]
[Date "2014.3.28"]
[Round "-"]
[White "afonte"]
[Black "leduar"]
[Result "1-0"]
[WhiteElo "2228"]
[BlackElo "2022"]

1. e4 e5 2. Nf3 Nc6 3. Bb5 a6 4. Ba4 Nf6 5. O-O Nxe4 6. Re1 Nc5 7. Nxe5 Nxe5 8.
Rxe5+ Be7 9. Bb3 Nxb3 10. axb3 O-O 11. Nc3 d6 12. Re1 c6 13. d4 d5 14. Qf3 f5
15. Bf4 Bg5 16. Re2 Bxf4 17. Qxf4 Qf6 18. Rae1 g5 19. Qe5 Qg6 20. Qe7 b5 21. Qc7
f4 22. Re7 Rf7 23. Rxf7 Be6 24. Re7 Bf7 25. h3 Re8 26. Rxe8+ Bxe8 27. Qd8 Kf8
28. Qe7+ 1-0

[Event "AUTO-OPEN-3082"]
[Site "http://www.queenalice.com/game.php?id=1275291"]
[Date "2014.4.22"]
[Round "3"]
[White "PopowskiF"]
[Black "afonte"]
[Result "1/2-1/2"]
[WhiteElo "2225"]
[BlackElo "2169"]

1. e4 c5 2. Nf3 Nc6 3. Nc3 d6 4. d4 cxd4 5. Nxd4 Nf6 6. Be2 e6 7. Be3 Be7 8. Nb3
O-O 9. f4 a6 10. a3 Bd7 11. Bf3 Rc8 12. Qd2 b5 13. O-O Qc7 14. Qf2 Rfe8 15. Na5
Bd8 16. Nxc6 Bxc6 17. Kh1 Qb7 18. e5 dxe5 19. Bxc6 Rxc6 20. fxe5 Nd5 21. Nxd5
exd5 22. Bd4 Bb6 23. Bxb6 Rxb6 24. Rae1 Rbe6 25. Qg3 Rg6 26. Qh4 Qc7 27. Re2 h6
28. Qf4 Rg5 29. h4 Rgxe5 30. Qg3 Qe7 31. Ref2 Rf8 32. Rf6 Kh8 33. Rxf7 Rxf7 34.
Rxf7 Re1+ 35. Kh2 Qxf7 36. Qxe1 Qc7+ 37. Kh3 Qxc2 38. Qe8+ Kh7 39. h5 Qf5+ 40.
g4 Qd3+ 41. Kh4 a5 42. b4 axb4 43. axb4 d4 44. Qe5 Qc2 45. Kg3 Qd3+ 1/2-1/2

[Event "AUTO-OPEN-3082"]
[Site "http://www.queenalice.com/game.php?id=1275292"]
[Date "2014.4.22"]
[Round "3"]
[White "afonte"]
[Black "PopowskiF"]
[Result "0-1"]
[WhiteElo "2187"]
[BlackElo "2185"]

1. e4 d6 2. d4 Nf6 3. Bd3 g6 4. Nf3 Bg7 5. c4 e5 6. d5 Nbd7 7. Be3 Ng4 8. Bg5 f6
9. Bd2 Nc5 10. Bc2 f5 11. Nc3 O-O 12. h3 Nxf2 13. Kxf2 fxe4 14. Bxe4 Qh4+ 15. g3
Nxe4+ 16. Nxe4 Qxe4 17. Rc1 Bd7 18. Re1 Qd4+ 19. Kg2 Qxb2 20. Rc2 Qa3 21. Qe2
Bxh3+ 22. Kxh3 Rxf3 23. Rg1 Raf8 24. Bg5 R8f5 25. Bc1 Qc5 0-1

[Event "Challenge"]
[Site "http://www.queenalice.com/game.php?id=1284082"]
[Date "2014.5.26"]
[Round "-"]
[White "WeirdGoblin"]
[Black "afonte"]
[Result "1-0"]
[WhiteElo "2279"]
[BlackElo "2225"]

1. d4 Nf6 2. Nf3 g6 3. c4 Bg7 4. Nc3 O-O 5. e4 d6 6. Be2 e5 7. d5 Nh5 8. g3 f5
9. Ng5 Nf6 10. exf5 Bxf5 11. Bd3 Bxd3 12. Qxd3 Nbd7 13. Ne6 Qc8 14. Nxf8 Bxf8
15. Be3 Nb6 16. O-O Qh3 17. f3 a6 18. Bxb6 cxb6 19. Ne4 Nh5 20. a4 Rd8 21. Qe3
Be7 22. Qxb6 Nf6 23. Qxb7 Nxe4 24. Qxe7 Nxg3 25. Qxd8+ Kg7 26. Qg5 1-0

[Event "Challenge"]
[Site "http://www.queenalice.com/game.php?id=1284083"]
[Date "2014.5.26"]
[Round "-"]
[White "afonte"]
[Black "WeirdGoblin"]
[Result "0-1"]
[WhiteElo "2215"]
[BlackElo "2317"]

1. e4 e6 2. d4 d5 3. Nd2 c5 4. dxc5 Bxc5 5. Qf3 Nf6 6. Bd3 Nc6 7. Ne2 Qb6 8. O-O
Ne5 9. Qg3 Nxd3 10. cxd3 O-O 11. e5 Nd7 12. Nf3 f6 13. d4 Be7 14. a3 fxe5 15.
dxe5 Qd8 16. Ned4 Nc5 17. Be3 Ne4 18. Qg4 Qe8 19. Rac1 Bd8 20. Rc2 Bd7 21. Rfc1
Qf7 22. h4 h6 0-1

[Event "Challenge"]
[Site "http://www.queenalice.com/game.php?id=1284921"]
[Date "2014.5.30"]
[Round "-"]
[White "leduar"]
[Black "afonte"]
[Result "0-1"]
[WhiteElo "2009"]
[BlackElo "2182"]

1. e4 c5 2. Nf3 Nc6 3. d4 cxd4 4. Nxd4 Nf6 5. Nc3 d6 6. f3 a6 7. Be3 e6 8. Qd2
Be7 9. O-O-O Bd7 10. g4 h6 11. h4 Qc7 12. Nxc6 Bxc6 13. g5 hxg5 14. Bxg5 O-O-O
15. Bh3 Kb8 16. Rhe1 Nh7 17. Bxe7 Qxe7 18. h5 Nf6 19. Ne2 Rxh5 20. Bf1 Bb5 21.
Nf4 Re5 22. Qb4 Bxf1 23. Rxf1 Rb5 24. Qa3 Qc7 25. Rd3 d5 26. Ne2 dxe4 27. Rxd8+
Qxd8 28. c4 Qc7 29. Qc3 Rc5 30. b3 exf3 31. Rxf3 Qe5 32. Nd4 Ne4 33. Qd3 f5 34.
b4 Rc8 35. Re3 Qd5 36. Nc2 Qxd3 37. Rxd3 Rxc4 38. Rd8+ Kc7 39. Rg8 g5 40. Rg7+
Kc6 41. Re7 Kd5 42. Kb2 Ke5 43. Rxb7 Rc6 44. a4 g4 45. b5 axb5 46. axb5 Rc8 47.
b6 g3 48. Ne3 f4 49. Ng4+ Kf5 50. Nh6+ Ke5 51. Ng4+ Kd6 52. Nh6 g2 53. Rg7 f3
54. b7 Rb8 55. Nf7+ Kd5 0-1

[Event "Challenge"]
[Site "http://www.queenalice.com/game.php?id=1284922"]
[Date "2014.5.30"]
[Round "-"]
[White "afonte"]
[Black "leduar"]
[Result "1-0"]
[WhiteElo "2171"]
[BlackElo "2064"]

1. e4 e5 2. Nf3 d6 3. Bc4 h6 4. h3 Nf6 5. Nc3 Nc6 6. d4 exd4 7. Nxd4 Ne5 8. Bb3
Bd7 9. Be3 c5 10. Nf3 Bc6 11. Bd5 Qb6 12. Nxe5 dxe5 13. Bxc6+ Qxc6 14. Qf3 Rd8
15. O-O b5 16. Rad1 Rc8 17. Nd5 Be7 18. Rfe1 Qe6 19. a3 O-O 20. Nxf6+ Bxf6 21.
Rd5 Be7 22. Qg3 f5 23. Qxe5 Qxe5 24. Rxe5 Bf6 25. Rxf5 Bxb2 26. Rxf8+ Kxf8 27.
Bc1 Bc3 28. Rd1 Bd4 29. Kf1 Kf7 30. Rd3 Ke6 31. f4 Rf8 32. Ke2 g5 33. g3 Bg1 34.
f5+ Ke7 35. Bb2 c4 36. Rd5 a6 37. Bd4 Bh2 38. Bc5+ Kf7 39. Bxf8 Kxf8 40. Kf3 Bg1
41. Rd6 a5 42. Rxh6 Bc5 43. Ra6 a4 44. Ra5 Bxa3 45. Rxb5 Bd6 46. Ra5 a3 47. Kg4
1-0

[Event "AUTO-MASTER-2001"]
[Site "http://www.queenalice.com/game.php?id=1297031"]
[Date "2014.7.24"]
[Round "2"]
[White "docb"]
[Black "afonte"]
[Result "0-1"]
[WhiteElo "2063"]
[BlackElo "2218"]

1. e4 c5 2. Nc3 Nc6 3. g3 Nf6 4. Bg2 d6 5. f4 Bg4 6. Nge2 g6 7. h3 Bd7 8. O-O
Bg7 9. d3 O-O 10. g4 e6 11. Be3 Qe7 12. Ng3 d5 13. g5 d4 14. gxf6 Qxf6 15. e5
Qe7 16. Nce4 dxe3 17. c3 f6 18. d4 cxd4 19. cxd4 Qb4 20. Nc5 Rad8 21. Nb3 Bc8
22. Ne2 Nxd4 23. Nexd4 fxe5 24. Nc2 Qb6 25. Qe2 exf4 26. Kh1 a5 27. Rad1 a4 28.
Nba1 e5 29. b3 Rxd1 30. Rxd1 axb3 31. Nxb3 Be6 32. Nca1 Rc8 33. Kh2 Rc4 34. Bd5
Bxd5 35. Rxd5 Rc8 36. Rb5 Qc6 37. Na5 Qe4 38. Nxb7 f3 39. Qb2 Qf4+ 40. Kh1 e2
41. Qb3+ Kh8 42. Qb1 Rc1+ 0-1

[Event "AUTO-MASTER-2001"]
[Site "http://www.queenalice.com/game.php?id=1297032"]
[Date "2014.7.24"]
[Round "2"]
[White "afonte"]
[Black "docb"]
[Result "1-0"]
[WhiteElo "2223"]
[BlackElo "2107"]

1. e4 Nc6 2. Nf3 d6 3. d4 Bg4 4. Bb5 a6 5. Bxc6+ bxc6 6. c4 Nf6 7. Nc3 c5 8.
dxc5 dxc5 9. Qxd8+ Rxd8 10. Ne5 Bd7 11. Be3 e6 12. O-O-O Bd6 13. Nxd7 Rxd7 14.
f3 Ke7 15. Na4 Rhd8 16. Nxc5 Bxc5 17. Bxc5+ Ke8 18. Rxd7 Rxd7 19. Rd1 Rxd1+ 20.
Kxd1 Nd7 21. Bf2 Ke7 22. Kd2 Kd6 23. f4 e5 24. fxe5+ Kxe5 25. Kd3 c6 26. Bd4+
Kf4 27. b4 g6 28. a4 h5 29. b5 axb5 30. axb5 cxb5 31. cxb5 h4 32. b6 g5 33. b7
g4 34. Be3+ Ke5 35. Ba7 1-0

[Event "AUTO-MASTER-2001"]
[Site "http://www.queenalice.com/game.php?id=1297033"]
[Date "2014.7.24"]
[Round "2"]
[White "CCapivara"]
[Black "afonte"]
[Result "1/2-1/2"]
[WhiteElo "2207"]
[BlackElo "2215"]

1. e4 c5 2. Nf3 d6 3. d4 cxd4 4. Nxd4 Nf6 5. Nc3 a6 6. Bg5 e6 7. f4 Be7 8. Qf3
Nc6 9. O-O-O Qc7 10. Kb1 Bd7 11. g4 h6 12. Bxf6 Bxf6 13. Nb3 O-O-O 14. Bg2 Kb8
15. h4 g6 16. Qd3 Bc8 17. g5 hxg5 18. hxg5 Be7 19. Rxh8 Rxh8 20. Nd4 Nb4 21. Qe3
e5 22. Nf3 exf4 23. Qxf4 d5 24. Qxc7+ Kxc7 25. Nxd5+ Nxd5 26. exd5 Bg4 27. c4
Bxf3 28. Bxf3 Bxg5 29. c5 f5 30. d6+ Kb8 31. b4 Bd8 32. a4 Rh4 33. b5 axb5 34.
axb5 Rb4+ 35. Kc2 Rxb5 36. Rd5 Rb4 37. Kc3 Rf4 38. Be2 Bf6+ 39. Kd3 1/2-1/2

[Event "AUTO-MASTER-2001"]
[Site "http://www.queenalice.com/game.php?id=1297034"]
[Date "2014.7.24"]
[Round "2"]
[White "afonte"]
[Black "CCapivara"]
[Result "0-1"]
[WhiteElo "2232"]
[BlackElo "2173"]

1. e4 d6 2. d4 Nf6 3. Bd3 e5 4. c3 Be7 5. h3 O-O 6. Nf3 Nbd7 7. O-O c6 8. Nbd2
Qc7 9. Re1 Re8 10. Nf1 Nf8 11. Ng3 Ng6 12. Bg5 h6 13. Bxf6 Bxf6 14. Rc1 Nf4 15.
Bb1 Qe7 16. Nf5 Bxf5 17. exf5 Rad8 18. Qd2 Bg5 19. Qc2 e4 20. h4 Bxh4 21. Nxh4
Qxh4 22. Rxe4 Qg5 23. f3 d5 24. Ree1 Qg3 25. f6 Rxe1+ 0-1